Central Library OPAC University of Rajshahi

Afghanistan / (Record no. 27747)

MARC details
000 -LEADER
fixed length control field 00616nam a22002177a 4500
001 - CONTROL NUMBER
control field 27747
003 - CONTROL NUMBER IDENTIFIER
rucl marc code BD-RjUL
005 - DATE AND TIME OF LATEST TRANSACTION
control field 20211209051209.0
008 - FIXED-LENGTH DATA ELEMENTS--GENERAL INFORMATION
fixed length control field 140327s1906 enkacbe| 001 0 eng d
035 ## - SYSTEM CONTROL NUMBER
System control number (BD-RjUL)27826
040 ## - CATALOGING SOURCE
Original cataloging agency BD-RjUL
Language of cataloging eng
Transcribing agency BD-RjUL
041 ## - LANGUAGE CODE
Language code of text/sound track or separate title eng
082 ## - DEWEY DECIMAL CLASSIFICATION NUMBER
Classification number 958.1
Author mark and year HAA 1906
100 1# - MAIN ENTRY--PERSONAL NAME
Personal name Hamilton, Angus.
9 (RLIN) 85175
245 ## - TITLE STATEMENT
Title Afghanistan /
Statement of responsibility, etc. by Angus Hamilton.
260 ## - PUBLICATION, DISTRIBUTION, ETC. (IMPRINT)
Place of publication, distribution, etc. London :
Name of publisher, distributor, etc. William Heinemann,
Date of publication, distribution, etc. 1906.
300 ## - PHYSICAL DESCRIPTION
Pagination xxi,562 p. ;
Illustrations illus. ;
Size 22 cm.
504 ## - BIBLIOGRAPHY, ETC. NOTE
Bibliography, etc Includes bibliographical references and index.
651 #0 - SUBJECT ADDED ENTRY--GEOGRAPHIC NAME
Geographic name Afghanistan
General subdivision History
9 (RLIN) 85176
942 ## - ADDED ENTRY ELEMENTS (KOHA)
Source of classification or shelving scheme Dewey Decimal Classification
Koha item type Books
Holdings
Lost status Source of classification or shelving scheme Damaged status Not for loan Collection code Permanent Location Current Location Shelving location Date acquired Total Checkouts Full call number Date last seen Copy number Koha item type
  Dewey Decimal Classification   Added to bundle Non-fiction Central Library, University of Rajshahi Central Library, University of Rajshahi   27/03/2014   958.1 HAA 1906 27/03/2014 C-1 Books